O "divadle, ktoré dáva po papuli"

Bibliographic Details
Main Author: Štefko, Vladimír, 1942- (Author)
Format: Article
Language:Slovak
PhysicalDescription:Fotogr.
ISSN:0323-2883
Subjects:

MARC

LEADER 00000nab a2200000 a 4500
001 vtls009487701
003 SK-MaSNL
005 20260303203208.0
008 140417c2009 xo qr|p|||||||000 b|slo
015 |a SNBRB2009/03  |2 snkbucl 
038 |a SNKBUCL 
040 |a SNKBUCL  |b slo  |c SNKBUCL  |e AACR2 
041 0 |a slo 
044 |a xo  |c SK 
080 |a 82(091):821 (4)-2"19/20"  |x (048)  |2 2001 
080 |a 821 (4)-2(091)"19/20"  |x (048)  |2 2001 
080 |a 792(091)"19/20"  |x (048)  |2 2001 
100 1 |a Štefko, Vladimír,  |d 1942-  |4 aut  |9 103434 
245 1 0 |a O "divadle, ktoré dáva po papuli"  |c Vladimír Štefko 
300 |b Fotogr. 
648 7 |a 20.-21. stor.  |2 snkbucl  |9 270701 
650 0 7 |a európska dráma  |2 snkbucl  |9 82127 
650 0 7 |a európske divadlo  |2 snkbucl  |9 3358 
650 0 7 |a násilie  |2 snkbucl  |9 4763 
650 0 7 |a vulgarizmy  |2 snkbucl  |9 78317 
650 0 7 |a polemiky  |2 snkbucl  |9 29821 
655 7 |a recenzie  |2 snkbucl  |9 21907 
773 0 |t Javisko  |g Roč. 41, č. 1 (2009), s. 50  |x 0323-2883 
787 0 8 |i Rec.:  |a Nikčević, Sanja, 1960-  |t "Nová európska dráma", alebo, Veľký podvod  |d Bratislava : Vydavateľstvo Jána Jankoviča, 2007  |z 9788089030323 
852 |a SNK  |b KIS3GCP 
958 |a RC 
999 |c 2184113  |d 2186043